Statistics for Five Biggest World Cities by Letter #1

Click here to take the quiz!

General Stats

  • This quiz has been taken 28,850 times
  • The average score is 23 of 40

Answer Stats

Country Population City % Correct
Egypt20.5 mCairo
94%
China20.4 mBeijing
92%
Indonesia30.6 mJakarta
90%
Argentina16.3 mBuenos Aires
88%
Thailand18.3 mBangkok
88%
India29.4 mDelhi
87%
South Africa13.7 mJohannesburg
87%
Colombia9.80 mBogotá
84%
Turkey4.95 mAnkara
84%
U.S.9.80 mChicago
76%
Guatemala3.15 mGuatemala City
72%
Malaysia8.70 mKuala Lumpur
71%
U.S.5.70 mDetroit
71%
U.S.7.10 mDallas
70%
Egypt5.70 mAlexandria
70%
Bangladesh19.5 mDhaka
69%
China45.6 mGuangzhou
69%
Vietnam8.30 mHo Chi Minh City
68%
India16.6 mKolkata
66%
Pakistan17.3 mKarachi
62%
U.S.5.80 mAtlanta
62%
U.S.6.35 mHouston
62%
DR Congo12.0 mKinshasa
60%
Mexico5.25 mGuadalajara
59%
Sudan6.15 mKhartoum
55%
India11.8 mBengaluru
48%
Tanzania6.15 mDar es Salaam
46%
Saudi Arabia4.78 mJeddah
46%
India11.0 mChennai
45%
India9.20 mHyderabad
35%
China7.30 mHong Kong
31%
Ivory Coast5.45 mAbidjan
30%
India8.25 mAhmedabad
30%
India3.85 mJaipur
29%
China9.80 mChengdu
25%
Ecuador3.13 mGuayaquil
21%
China8.45 mHangzhou
17%
China8.05 mChongqing
17%
China4.25 mJinan
5%
China3.20 mGuiyang
3%

Score Distribution

Percentile by Number Answered

Percent of People with Each Score

Your Score History

You have not taken this quiz